000 00619nam a2200169Ia 4500
003 LK-CoDNM
008 010623t1994 xxu||||| |||| 00| 1 sin d
040 _aLK-CoDNM
_dLK-CoDNM
_eLK-CoDNM
041 _asin
080 _a659.3
_bWAT
100 _aWatagedara,Sugath
245 _aසන්නිවේදනයේ ආචාරධර්මීය පදනම : ආදි බුදු සාමය ආශ්‍රිත අධ්‍යයනයකි
246 _aSanniwedanaye Acharadharmeeya Padanama : Adi Budu Samaya Asritha Adyanayaki
260 _bGodage
_aColombo
_c1994
300 _b104p, 21 cm
942 _cBK
999 _c116779
_d116779